|
|
|
|
| LEADER |
00000cam a2200000 a 4500 |
| 001 |
vtls010033859 |
| 003 |
SK-MaSNL |
| 005 |
20260301083424.0 |
| 008 |
240318s2009 xo o g 000 f slo |
| 015 |
|
|
|a SNBA2010/08-04243
|
| 020 |
|
|
|a 9788089314133
|q (viaz.)
|
| 035 |
|
|
|a 2A3811D3-60A9-42C8-AC05-5A7626F085F9
|
| 035 |
|
|
|a urn:nbn:sk:snk-amk9op
|
| 035 |
|
|
|a urn:nbn:sk:snk-am008a42
|
| 040 |
|
|
|a SNK
|b slo
|c SNK
|e AACR2
|
| 041 |
1 |
|
|a slo
|h eng
|
| 044 |
|
|
|a xo
|c SK
|
| 072 |
|
7 |
|a 821.111(417)-3
|x Írska literatúra
|2 konspekt
|
| 080 |
|
|
|a 821.111(417)-31
|2 2001
|
| 080 |
|
|
|a (0:82-312.6)
|2 2001
|
| 100 |
1 |
|
|a Welch, Robert,
|d 1947-2013
|4 aut
|9 160989
|
| 240 |
1 |
0 |
|a Groundwork
|l Slovensky
|
| 245 |
1 |
0 |
|a Principiálny román
|c Robert Welch; [z anglického originálu preložili Ján Gavura a Miroslava Gavurová ; fotografie Ján Gavura]
|
| 260 |
|
|
|a Prešov
|b Slniečkovo
|c 2009
|
| 300 |
|
|
|a 150 s.
|b fotogr.
|c 22 cm
|
| 655 |
|
7 |
|a írske romány (anglicky)
|2 SNKPH
|9 70782
|
| 655 |
|
7 |
|a biografické romány
|2 SNKPH
|9 1532
|
| 655 |
|
7 |
|a Irish fiction (English)
|2 SNKPHeng
|9 286462
|
| 655 |
|
7 |
|a Biographical novels
|2 SNKPHeng
|9 278552
|
| 700 |
1 |
|
|a Gavura, Ján,
|d 1975-
|4 trl
|9 92301
|
| 700 |
1 |
|
|a Gavurová, Miroslava,
|d 1976-
|4 trl
|9 109823
|
| 852 |
|
|
|a Štátna vedecká knižnica v Banskej Bystrici
|
| 919 |
|
|
|a 978-80-89314-13-3
|
| 958 |
|
|
|a UP
|
| 958 |
|
|
|a LX
|
| 968 |
|
|
|b ENG
|d 821
|
| 999 |
|
|
|c 660482
|d 662412
|
| 952 |
|
|
|a SNK
|b SNK
|y PREZ
|7 0
|p 17A0664804
|o snkSC 141062
|i snk2010/14062
|8 0
|0 0
|1 0
|4 0
|d 2010-06-25
|l 0
|r 2025-07-09 00:00:00
|w 2026-02-23
|
| 952 |
|
|
|a SNK
|b SNK
|y VYP
|7 0
|p 17A0664805
|o snkSC 141062 D1
|i snk2010/14063
|8 0
|0 0
|1 0
|4 0
|d 2010-06-25
|f 1
|l 0
|r 2026-02-23 18:52:00
|w 2026-02-23
|